La población escolar urbana

En el presente trabajo aborda el planteamiento de la educación en general, los factores que inciden en el mismo, las estadísticas a nivel nacional y departamental, concentrándose luego en los lugares regionales más críticos y centralizados presentando una posible solución, plan o programa en e...

Full description

Bibliographic Details
Main Author: López Paniagua, Mario Antonio
Other Authors: Tutor: Eskenasy, Luis Eduardo
Format: Tesis Section = Libro
Language:Undetermined
Spanish
Published: Guatemala USAC-G 1974
Subjects:
LEADER 00963nam a2200217Ia 4500
008 240830s9999 xx 000 0 und d
040 |a BIBLIOTECA-RUSB/ Mon 711.47281 L864 
041 |a spa 
082 |a Mon 711.47281 L864 
100 1 |a López Paniagua, Mario Antonio 
245 1 0 |a La población escolar urbana 
260 |a Guatemala  |b USAC-G  |c 1974 
300 |a 56 p. :il. 
502 |a Tesis (Arquitecto) - USAC-G, 1974. 
520 3 |a En el presente trabajo aborda el planteamiento de la educación en general, los factores que inciden en el mismo, las estadísticas a nivel nacional y departamental, concentrándose luego en los lugares regionales más críticos y centralizados presentando una posible solución, plan o programa en el cual se desarrolla un edifico escolar. 
650 7 |a CIUDADES (PLANES Y PLANIFICACION LOCALES) 
650 7 |b  GUATEMALA I 
700 1 |a Tutor:  |b Eskenasy, Luis Eduardo 
942 |c BK  |2 ddc 
991 |a TESIS 
999 |c 20989